Basic economics

Αποθηκεύτηκε σε:
Λεπτομέρειες βιβλιογραφικής εγγραφής
Κύριος συγγραφέας: Field, William P.
Μορφή: Βιβλίο
Γλώσσα:English
Δημοσίευση: Boston : Allyn and Bacon, c1983
Θέματα:
Ετικέτες: Προσθήκη ετικέτας
Δεν υπάρχουν, Καταχωρήστε ετικέτα πρώτοι!

MARC

LEADER 00000cam a2200000 i 4500
001 1/31838
008 950809s1983 eng d
020 |a 0205078133 
035 |l 10023649 
040 |a GR-MY-UA  |b gre  |e aacr 
041 0 |a eng 
082 0 |a 330 
100 1 |a Field, William P. 
245 1 0 |a Basic economics /  |c William P. Field, Jr 
260 |a Boston :   |b Allyn and Bacon,   |c c1983 
300 |a xxiii, 485 p.;  |b ill.;  |c 24 cm 
500 |a Includes index 
650 0 0 |a Economics. 
852 |a INST  |b CHIOS  |e 19950809  |h 330 FIE  |p 005200001248  |q 005200001248  |t BK  |y 0 
909 |a Χ  |b 013233